[Event "Moscow Teams"]
[Site "Moscow RUS"]
[Date "2010.12.15"]
[Round "5"]
[White "Granovskiy,A"]
[Black "Minsky,A"]
[Result "1-0"]
[WhiteElo "2312"]
[BlackElo "2278"]

1.d4 Nf6 2.Bg5 Ne4 3.h4 c5 4.d5 Qb6 5.Nd2 Nxg5 6.hxg5 Qxb2 7.e4 g6 8.Rb1 Qxa2
9.Bc4 Qa5 10.Rb5 Qd8 11.Qa1 f6 12.e5 Bg7 13.exf6 exf6 14.d6 Kf8 15.Ne4 f5
16.Nf6 b6 17.Rxh7  1-0

[Event "63rd ch-RUS"]
[Site "Moscow RUS"]
[Date "2010.12.16"]
[Round "6"]
[White "Vitiugov,N"]
[Black "Karjakin,Sergey"]
[Result "1/2-1/2"]
[WhiteElo "2709"]
[BlackElo "2760"]

1.d4 Nf6 2.Bg5 Ne4 3.Bf4 d5 4.e3 c5 5.Bd3 cxd4 6.exd4 Nc6 7.c3 Bf5 8.Ne2 e6
9.f3 Nd6 10.Bxd6 Bxd6 11.Bxf5 exf5 12.f4 O-O 13.O-O Re8 14.Nd2 Qc7 15.g3 Na5
16.Rf2 Nc4 17.Nxc4 dxc4 18.Kf1 Re4 19.Ng1 Rae8 20.Nf3 Qc6 21.Kg1 b5 22.Qf1 Re3
23.a4 a6 24.axb5 axb5 25.Rd1 h5 26.Qg2 Qe4 27.Ng5 Re1+ 28.Rxe1 Qxg2+ 29.Kxg2 Rxe1
30.Nf3 Rb1 31.Rd2 g6 32.d5 Ra1 33.Nd4 Ra5 34.Nc6 Ra2 35.Nd4 Ra5 36.Nc6 Ra2
37.Nd4  1/2-1/2

[Event "Stanitsa Winter 2010"]
[Site "Stanitsa-Luganskaya UKR"]
[Date "2010.12.16"]
[Round "2"]
[White "Pilavov,G"]
[Black "Poliakov,V"]
[Result "1-0"]
[WhiteElo "2621"]
[BlackElo "2375"]

1.d4 Nf6 2.Bg5 Ne4 3.h4 d5 4.Nd2 g6 5.Nxe4 dxe4 6.c3 Bg7 7.h5 Bf5 8.h6 Bf6
9.Bxf6 exf6 10.e3 Nd7 11.g4 Be6 12.d5 Bxg4 13.Qxg4 Ne5 14.Qxe4 Qe7 15.f4  1-0

[Event "European Rapid Championship"]
[Site "Warsaw POL"]
[Date "2010.12.18"]
[Round "6"]
[White "Pankov,Ger"]
[Black "Vovk,Y"]
[Result "0-1"]
[WhiteElo "2368"]
[BlackElo "2539"]

1.d4 Nf6 2.Bg5 Ne4 3.Bf4 c5 4.d5 Qb6 5.Bc1 g6 6.f3 Nf6 7.e4 d6 8.Nd2 Bg7
9.Nc4 Qc7 10.a4 O-O 11.Ne2 b6 12.Nc3 a6 13.Be2 Nbd7 14.O-O Rb8 15.Bg5 Bb7
16.Re1 Ba8 17.Nd2 Bb7 18.Bf1 Rbe8 19.Nc4 Nh5 20.Qd2 Ne5 21.Nxe5 Bxe5 22.Be3 Bg7
23.g4 Nf6 24.Rad1 Rb8 25.g5 Nd7 26.f4 Bc8 27.h4 c4 28.Bg2 b5 29.axb5 axb5
30.Ne2 Nc5 31.Nd4 Bd7 32.h5 Ra8 33.Bf3 Ra2 34.Rb1 Na4 35.Qb4 Qc5 36.Qxc5 Nxc5
37.h6 Bh8 38.Red1 Na4 39.Ra1 Rxb2 40.Rdb1 c3 41.Rxb2 cxb2 42.Rb1 Rc8 43.Nc6 Bxc6
44.dxc6 Rxc6  0-1

[Event "Bansko Grand Chess Open"]
[Site "Bansko BUL"]
[Date "2010.12.19"]
[Round "9.8"]
[White "Korobkov,P"]
[Black "Aggelis,N"]
[Result "1-0"]
[WhiteElo "2484"]
[BlackElo "2337"]

1.d4 Nf6 2.Bg5 Ne4 3.Bf4 e6 4.f3 Bd6 5.Bxd6 Nxd6 6.e4 f5 7.e5 Nf7 8.Nc3 d6
9.f4 O-O 10.Nf3 c5 11.dxc5 dxe5 12.Qxd8 Rxd8 13.Nxe5 Nxe5 14.fxe5 Nc6 15.Bb5 Nxe5
16.O-O Bd7 17.Rfe1 Ng6 18.Rad1 Bxb5 19.Nxb5 Rxd1 20.Rxd1 Rc8 21.b4 a6 22.Na7 Ra8
23.Rd7 Rb8 24.a4 Ne5 25.Rc7 Nc6 26.Nxc6 bxc6 27.c3 a5 28.Rxc6 axb4 29.Rb6 Ra8
30.cxb4 Rxa4 31.c6  1-0

[Event "I Gipuzkoa Sports"]
[Site "Donostia ESP"]
[Date "2010.12.28"]
[Round "5"]
[White "Del Rey,D"]
[Black "Etchegaray,P"]
[Result "1/2-1/2"]
[WhiteElo "2374"]
[BlackElo "2382"]

1.d4 Nf6 2.Bg5 Ne4 3.Bf4 c5 4.f3 Qa5+ 5.c3 Nf6 6.Nd2 cxd4 7.Nc4 Qd8 8.cxd4 g6
9.Rc1 d6 10.e4 Bg7 11.Qd2 O-O 12.d5 Nbd7 13.Be3 Ne5 14.Nxe5 dxe5 15.Bc4 Ne8
16.Ne2 Nd6 17.Bb3 Bd7 18.O-O a5 19.a3 Bb5 20.a4 Ba6 21.Rfe1 b5 22.axb5 Bxb5
23.Nc3 Bc4 24.Ba4 Rb8 25.Qc2 Ba6 26.b3 f5 27.Bc6 Rb4 28.Bc5 Rd4 29.Bxd4 exd4
30.Na4 fxe4 31.Nc5 d3 32.Qf2 Qb6 33.Rcd1 Bc3 34.Ne6 Qxf2+ 35.Kxf2 Bxe1+ 36.Rxe1 Rb8
37.Nc5 Bb5 38.fxe4 Bxc6 39.dxc6 Rc8 40.e5 Nf5 41.Ra1 Rxc6 42.Rxa5 d2 43.Ke2 Nd4+
44.Kd1 Rb6 45.Kxd2 Nxb3+ 46.Nxb3 Rxb3  1/2-1/2

[Event "Czech Chess Christmas 2010-11"]
[Site "Litomysl CZE"]
[Date "2010.12.30"]
[Round "6.4"]
[White "Sabol,M"]
[Black "Bolacky,J"]
[Result "1/2-1/2"]
[WhiteElo "2392"]
[BlackElo "2237"]

1.d4 Nf6 2.Bg5 Ne4 3.Bh4 c5 4.f3 g5 5.fxe4 gxh4 6.e3 Bh6 7.Qd3 Qb6 8.b3 Nc6
9.c3 e5 10.d5 c4 11.Qe2 cxb3 12.axb3 Ne7 13.Nd2 O-O 14.Ngf3 d6 15.g4 f6 16.Nxh4 Qc5
17.Qd3 Bxe3  1/2-1/2

[Event "Rilton Cup 2010-11"]
[Site "Stockholm SWE"]
[Date "2010.12.30"]
[Round "4"]
[White "Eriksson,Jor"]
[Black "Holmsten,A"]
[Result "0-1"]
[WhiteElo "2202"]
[BlackElo "2381"]

1.d4 Nf6 2.Bg5 Ne4 3.Bf4 c5 4.d5 Qb6 5.Nd2 Qxb2 6.Nxe4 Qb4+ 7.Qd2 Qxe4 8.Nf3 d6
9.e3 Qb4 10.c3 Qa5 11.c4 Qxd2+ 12.Kxd2 g6 13.Rb1 Bg7 14.e4 b6 15.Bd3 e5 16.dxe6 Bxe6
17.Bxd6 Nc6 18.Ke3 O-O-O 19.Bf4 Nb4 20.Rxb4 cxb4 21.c5 bxc5 22.Rc1 Kb7 23.Rxc5 a6
24.Rc7+ Kb6 25.Ng5 Bxa2 26.Nxf7 Rxd3+ 27.Kxd3 Rf8 28.Ng5 Rxf4 29.Rxg7 Rxf2
30.Nf3 b3 31.Rg8 b2 32.Ke3 Bxg8  0-1

[Event "Czech Chess Christmas 2010-11"]
[Site "Litomysl CZE"]
[Date "2011.01.02"]
[Round "9.15"]
[White "Trhal,M"]
[Black "Cizinsky,P"]
[Result "0-1"]
[WhiteElo "1982"]
[BlackElo "2148"]

1.d4 Nf6 2.Bg5 Ne4 3.Bh4 g5 4.f3 gxh4 5.fxe4 c5 6.e3 Bh6 7.Kf2 Qb6 8.b3 a5
9.Nc3 Qf6+ 10.Nf3 Nc6 11.Nd5 Qd6 12.Bc4 Rb8 13.Nxh4 e6 14.Nf6+ Kd8 15.e5 Bxe3+
16.Kxe3 cxd4+ 17.Kf2 Qxe5 18.Qf3 Qg5 19.g3 Ke7 20.Ne4 Qe3+ 21.Qxe3 dxe3+
22.Kxe3 d5 23.Bd3 dxe4 24.Bxe4 Bd7 25.Rad1 Rbc8 26.Rd2 Rc7 27.Rhd1 f5 28.Bg2 b5
29.Bf1 b4 30.Nf3 Rhc8 31.Kf4 Be8 32.Re1 Rd8 33.Rxd8 Nxd8 34.Bc4 Kf6 35.Re5 Bh5
36.Rxa5 Nc6 37.Ra6 Bxf3 38.Kxf3 Ne5+ 39.Ke2 Nxc4 40.bxc4 Rxc4 41.Kd3 Rg4
42.a4 bxa3 43.Rxa3 h5 44.Ke2 h4 45.Kf3 hxg3 46.hxg3 Rc4 47.c3 Kg5 48.Kf2 Kg4
49.Ra8 Rxc3 50.Rg8+ Kh5 51.Re8 Rc6 52.Kf3 Kg6 53.g4 Rc3+ 54.Kf2 Kf7 55.Rb8 f4
56.Rb5 Rg3 57.g5 Re3 58.Rb4 e5 59.Rb6 Rg3 60.Rf6+ Ke7 61.Rf5 Ke6 62.Rf6+ Kd5
63.g6 Ke4 64.Kf1 Ke3 65.Ra6 f3  0-1

[Event "23rd Staufer-Open"]
[Site "Leinzell GER"]
[Date "2011.01.04"]
[Round "5"]
[White "Zweschper,E"]
[Black "Weiss,And"]
[Result "1-0"]
[WhiteElo "2133"]
[BlackElo "2237"]

1.d4 Nf6 2.Bg5 Ne4 3.Bf4 d5 4.f3 Nf6 5.Nc3 Bf5 6.e4 Bc8 7.e5 Ng8 8.Bd3 e6
9.Nce2 Ne7 10.c3 Ng6 11.Bg3 c5 12.Bf2 cxd4 13.cxd4 Nc6 14.h4 f5 15.h5 Bb4+
16.Kf1 Nf8 17.Nh3 g5 18.g4 f4 19.a3 Ba5 20.b4 Bb6 21.Qb3 Bd7 22.Kg2 Kf7 23.Rhd1 h6
24.Bc2 Rg8 25.Be1 Be8 26.a4 a5 27.b5 Nb4 28.Bxb4 axb4 29.Qxb4 Ba5 30.Qb3 Nd7
31.Nf2 Nb6 32.Qd3 Rg7 33.Bb3 Kf8 34.Rdc1 Bf7 35.Qd1 Bg8 36.Nd3 Re7 37.Nc5 Bh7
38.Kh3 Kg8 39.Bc2 Bxc2 40.Qxc2 Qe8 41.Nb3 Nc4 42.Nxa5 Rxa5 43.Qc3 Qa8 44.Qb4 Kf7
45.Nc3 Nb6 46.Ra2 Rd7 47.Qc5 Nxa4 48.Nxa4 Rxa4 49.Rxa4 Qxa4 50.Qc8 Qxb5 51.Qh8 Re7
52.Qh7+ Ke8 53.Qg8+  1-0

[Event "23rd Staufer-Open"]
[Site "Leinzell GER"]
[Date "2011.01.06"]
[Round "9"]
[White "Zweschper,E"]
[Black "Latzke,B"]
[Result "0-1"]
[WhiteElo "2133"]
[BlackElo "2245"]

1.d4 Nf6 2.Bg5 Ne4 3.Bf4 d5 4.f3 Nf6 5.Nc3 Bf5 6.e4 dxe4 7.Bc4 e6 8.Nge2 exf3
9.gxf3 Bd6 10.Bg5 c6 11.Ng3 Bg6 12.Qd2 h6 13.Be3 Nd5 14.Nxd5 cxd5 15.Bb3 Nc6
16.f4 Qc7 17.Kf2 O-O-O 18.c4 dxc4 19.Bxc4 Bb4 20.Qd1 Rxd4 21.Qe2 Rxf4+ 22.Bxf4 Qxf4+
23.Kg2 Nd4 24.Qf2 Be4+ 25.Nxe4 Qxe4+ 26.Kh3 Nf3 27.Rhd1 Ng5+ 28.Kg3 Bd6+
29.Rxd6 Qe5+ 30.Qf4 Ne4+ 31.Kf3 Qxf4+  0-1

[Event "1st HDBank Cup"]
[Site "Ho Chi Minh City VIE"]
[Date "2011.01.07"]
[Round "6.11"]
[White "Nguyen Duc Hoa"]
[Black "Pascua,H"]
[Result "1-0"]
[WhiteElo "2446"]
[BlackElo "2358"]

1.d4 Nf6 2.Bg5 Ne4 3.Bf4 c5 4.d5 g5 5.Bc1 g4 6.Nd2 Nxd2 7.Qxd2 d6 8.h3 e5
9.hxg4 Bxg4 10.e4 h5 11.Bb5+ Bd7 12.Bxd7+ Nxd7 13.Qe2 h4 14.Nf3 Bg7 15.Be3 Bf6
16.O-O-O a6 17.Rh3 Nf8 18.Rdh1 Ng6 19.g3 Qd7 20.Nxh4 Bxh4 21.gxh4 Qa4 22.Bg5 c4
23.h5 Nf8 24.f4 Nh7 25.Bh4 Rg8 26.fxe5 dxe5 27.Rf1 Qd7 28.Qh2 Qd6 29.Rhf3 Rg7
30.Kb1 Rc8 31.h6 Qxh6 32.Qxe5+ Kf8 33.Rxf7+  1-0

[Event "10th Praha Open A"]
[Site "Prague CZE"]
[Date "2011.01.09"]
[Round "3"]
[White "Zivanic,M"]
[Black "Kulhanek,T"]
[Result "1/2-1/2"]
[WhiteElo "2489"]
[BlackElo "2397"]

1.d4 Nf6 2.Bg5 Ne4 3.Bh4 c5 4.f3 Qa5+ 5.c3 Nf6 6.d5 d6 7.Bxf6 exf6 8.e4 f5
9.exf5 Bxf5 10.Bd3 Bxd3 11.Qxd3 Be7 12.f4 O-O 13.Nf3 b5 14.O-O Nd7 15.Nbd2 c4
16.Qf5 Nc5 17.Rae1 Rae8 18.Ne4 g6 19.Qh3 Nxe4 20.Rxe4 Bf6 21.Rxe8  1/2-1/2

[Event "Marienbad Open"]
[Site "Marianske Lazne CZE"]
[Date "2011.01.22"]
[Round "9"]
[White "Tesar,J"]
[Black "Stojkovic,A"]
[Result "0-1"]
[WhiteElo "2126"]
[BlackElo "1993"]

1.d4 Nf6 2.Bg5 Ne4 3.Bf4 d5 4.Nd2 Bf5 5.e3 e6 6.Nxe4 Bxe4 7.f3 Bg6 8.h4 h6
9.h5 Bh7 10.Bd3 Bxd3 11.Qxd3 c5 12.Ne2 c4 13.Qd2 Nc6 14.e4 Be7 15.Be3 b5
16.c3 a5 17.e5 b4 18.f4 bxc3 19.bxc3 Rb8 20.O-O f5 21.exf6 Bxf6 22.f5 exf5
23.Nf4 Ne7 24.Ne6 Qc8 25.Bf4 Rb6 26.Nc7+ Kf7 27.Rae1 Rd8 28.a4 Rc6 29.Nb5 Qd7
30.Qf2 Kg8 31.Qg3 Kh7 32.Re2 Rg8 33.Rfe1 g5 34.Be5 f4 35.Qf3 Nc8 36.Bxf6 Rxf6
37.Re5 Rd8 38.Qe2 Rdf8 39.Re6 Kg8 40.Qe5 Rxe6 41.Qxe6+ Qxe6 42.Rxe6 Kg7 43.Kf2 Rf6
44.Re5 Nb6 45.Nc7 Rc6 46.Nxd5 Nxa4 47.Re7+ Kf8 48.Ra7 Nb2 49.Rxa5 Re6 50.Kf3 Nd1
51.Ra8+ Kg7 52.Ra7+ Kf8 53.Rd7 Ne3 54.Nc7 Re7 55.Rd8+ Kf7 56.Nb5 Nd1 57.Nd6+ Kf6
58.Ne4+ Kg7 59.d5 Nxc3 60.Nxc3 Re3+ 61.Kg4 Rxc3 62.Kf5 Re3 63.Rd7+ Kf8 64.d6 c3
65.Rc7 Ke8 66.Kf6 Rd3 67.Kg7 Rxd6 68.Rxc3 Kd7 69.Rc4 Rd2 70.Kxh6 Rxg2 71.Kg6 f3
72.h6 f2 73.h7 f1=Q 74.Rd4+ Ke6 75.Re4+ Kd5  0-1

[Event "TCh-CZE 2010-11"]
[Site "Czech Rep CZE"]
[Date "2011.01.23"]
[Round "7.7"]
[White "Hrabusa,M"]
[Black "Kociscak,J"]
[Result "0-1"]
[WhiteElo "2332"]
[BlackElo "2285"]

1.d4 Nf6 2.Bg5 Ne4 3.Bf4 c5 4.f3 Nf6 5.dxc5 Qa5+ 6.Qd2 Qxc5 7.e4 e5 8.Bg5 Qb6
9.Nc3 Bb4 10.Nge2 Nc6 11.a3 Be7 12.O-O-O Qa5 13.Bxf6 Bxf6 14.Ng3 O-O 15.h4 d6
16.Qf2 Be6 17.Nf5 Bxf5 18.exf5 Nd4 19.Bd3 d5 20.g4 Rac8 21.g5 Be7 22.f6 Bxa3
23.Bxh7+ Kxh7 24.g6+ fxg6 25.h5 Bxb2+ 26.Kxb2 Qxc3+ 27.Kb1 Qb4+ 28.Kc1 Rxc2+
29.Qxc2 Nxc2 30.hxg6+ Kxg6 31.fxg7 Qa3+ 32.Kxc2 Rc8+ 33.Kd2 Qb2+ 34.Ke1 Kxg7
35.Rg1+ Kf6  0-1

[Event "TCh-BEL 2010-11"]
[Site "Namur BEL"]
[Date "2011.01.23"]
[Round "7.8"]
[White "Dal Borgo,A"]
[Black "Poscic,M"]
[Result "1-0"]
[WhiteElo "2199"]
[BlackElo "1846"]

1.d4 Nf6 2.Bg5 Ne4 3.Bf4 d5 4.e3 g6 5.Be5 Nf6 6.Bxf6 exf6 7.c4 c6 8.cxd5 cxd5
9.Nc3 Bg7 10.g3 O-O 11.Bg2 Be6 12.Qb3 Qd7 13.Bxd5 Nc6 14.Bxe6 fxe6 15.Nge2 Kh8
16.O-O Rac8 17.Rac1 Bh6 18.Rfd1 Qe7 19.Ne4 b6 20.Qb5 Na5 21.b4 Nb7 22.a3 f5
23.Nd2 Nd6 24.Qd3 Qb7 25.Qb3 Qa6 26.Nc3 Rfe8 27.Nf3 Nc4 28.Nb1 b5 29.Nfd2 Rc6
30.Nxc4 bxc4 31.Qb2 Bg7 32.b5 Qb7 33.Qb4 Rb6 34.a4 a6 35.bxa6 Rxb4 36.axb7 Rxa4
37.Nc3 Ra7 38.Nb5 Ra5 39.Nd6 Rb8 40.Rxc4  1-0

[Event "Gibraltar Masters"]
[Site "Caleta ENG"]
[Date "2011.01.25"]
[Round "1.15"]
[White "Bellon Lopez,JuM"]
[Black "Iordachescu,V"]
[Result "1/2-1/2"]
[WhiteElo "2404"]
[BlackElo "2634"]

1.d4 Nf6 2.Bg5 Ne4 3.Bh4 d5 4.f3 Nf6 5.Nc3 Bf5 6.Qd2 e6 7.O-O-O Be7 8.Qe1 O-O
9.e4 Bg6 10.Nh3 h6 11.Nf4 Bh7 12.Bxf6 Bxf6 13.h4 c6 14.Nh5 Nd7 15.Qg3 Bg6
16.Nf4 Bh7 17.Nh5  1/2-1/2

[Event "Oceania Zonal"]
[Site "Rotorua NZL"]
[Date "2011.01.27"]
[Round "4.20"]
[White "Cooper,Ni"]
[Black "Dordevic,Ivan"]
[Result "0-1"]
[WhiteElo "1769"]
[BlackElo "2019"]

1.d4 Nf6 2.Bg5 Ne4 3.Bf4 c5 4.e3 Qb6 5.b3 Qb4+ 6.Nd2 cxd4 7.exd4 Qxd4 8.Be3 Qd5
9.c4 Qc6 10.Ngf3 Nxd2 11.Qxd2 Qc7 12.g3 Nc6 13.Bg2 g6 14.Bh6 Qa5 15.Qxa5 Nxa5
16.Bxf8 Kxf8 17.O-O Nc6 18.Rfe1 d6 19.Rad1 Bg4 20.h3 Bxf3 21.Bxf3 Rd8 22.Re2 e6
23.Red2 Ke7 24.Bxc6 bxc6 25.b4 d5 26.c5 Rd7 27.f4 Rb8 28.Rb2 Rdb7 29.a3 a5
30.Ra1 f6 31.Kf2 Rb5 32.Rab1 axb4 33.axb4 e5 34.Ke3 Ra8 35.Rb3 Ke6 36.g4 d4+
37.Kd3 Ra2 38.R3b2 Rxb2 39.Rxb2 Kd5 40.g5 e4+ 41.Kd2 fxg5  0-1

[Event "71st ch-ARM"]
[Site "Yerevan ARM"]
[Date "2011.01.29"]
[Round "11"]
[White "Anastasian,A"]
[Black "Melkumyan,H"]
[Result "1-0"]
[WhiteElo "2578"]
[BlackElo "2617"]

1.d4 Nf6 2.Bg5 Ne4 3.Bf4 c5 4.f3 Qa5+ 5.c3 Nf6 6.Nd2 cxd4 7.Nb3 Qf5 8.Bxb8 Rxb8
9.Qxd4 e6 10.Qxa7 Qe5 11.g3 d5 12.f4 Qc7 13.Nf3 Bd6 14.e3 Bd7 15.Qd4 Ra8
16.Be2 Ra4 17.Qd2 Ne4 18.Qc1 g5 19.Nxg5 Nxg5 20.fxg5 Qd8 21.Nd4 Qxg5 22.Qd2 Ke7
23.Bd1 Ra6 24.Bb3 Rha8 25.Rf1 b5 26.Nc2 Be8 27.a3 Bc5 28.Rf4 f6 29.O-O-O Bg6
30.Rdf1 Rf8 31.Kb1 Qe5 32.Ka2 Qc7 33.Nb4 Rb6 34.Bc2 Qe5 35.Re1 Be4 36.Bxe4 dxe4
37.Rh4 h5 38.Rd1 Bd6 39.Qe2 Rh8 40.Rd4 f5 41.Rxh5 Bc5 42.Rxh8 Qxh8 43.Rd1 Qh6
44.Nc2 Rd6 45.Rxd6 Kxd6 46.b4 Bb6 47.Kb3 Kc6 48.a4 bxa4+ 49.Kxa4 Kb7 50.c4 Qh8
51.Kb3 Qe5 52.c5 Qd5+ 53.Qc4 Qd3+ 54.Qxd3 exd3 55.Nd4  1-0

[Event "Gibraltar Masters"]
[Site "Caleta ENG"]
[Date "2011.01.30"]
[Round "6.65"]
[White "Marder,S"]
[Black "Oberhofer,A"]
[Result "0-1"]
[WhiteElo "1990"]
[BlackElo "2270"]

1.d4 Nf6 2.Bg5 Ne4 3.Bf4 d5 4.f3 Nf6 5.e4 dxe4 6.Nc3 e3 7.Qd3 e6 8.Qxe3 Bb4
9.Bc4 Nbd7 10.d5 Nb6 11.Bb5+ Kf8 12.dxe6 Bxe6 13.Ne2 Nbd5 14.Qd4 c6 15.Bd3 Qb6
16.Bd2 Bc5 17.Qe5 Bf2+ 18.Kd1 Qc5 19.Kc1 Nd7 20.Qe4 N7f6 21.Qe5 Re8 22.Na4 Qe7
23.Rf1 Nd7 24.Qh5 Be3 25.f4 Qb4 26.Nac3 N7f6 27.Qh4 Bg4 28.f5 Qb6 29.Nxd5 cxd5
30.Qg3 Bxe2 31.Bxe3 Rxe3 32.Qb8+ Re8 33.Qxe8+ Kxe8 34.Re1 Kd8  0-1

[Event "Gibraltar Masters"]
[Site "Caleta ENG"]
[Date "2011.02.03"]
[Round "10.89"]
[White "Fomani,M"]
[Black "Hegvik,Leif Trygve"]
[Result "0-1"]
[WhiteElo "2013"]
[BlackElo "1814"]

1.d4 Nf6 2.Bg5 Ne4 3.Bf4 d5 4.e3 c5 5.Bd3 Qb6 6.b3 Qg6 7.Bxe4 dxe4 8.Bg3 h5
9.h4 cxd4 10.Qxd4 Nc6 11.Qa4 Bg4 12.Ne2 Rd8 13.Nbc3 e5 14.O-O Be7 15.Rfe1 Rd2
16.Rad1 Rxc2 17.Rc1 Rxc1 18.Nxc1 Bb4 19.Bxe5 Bf3 20.g3 Qe6  0-1

[Event "V Tancat IM"]
[Site "Sabadell ESP"]
[Date "2011.02.04"]
[Round "1"]
[White "Gonzalez,RO"]
[Black "Perpinya Rofes,L"]
[Result "0-1"]
[WhiteElo "2232"]
[BlackElo "2368"]

1.d4 Nf6 2.Bg5 Ne4 3.h4 c5 4.dxc5 Na6 5.Nd2 Naxc5 6.Ngf3 Qb6 7.Nxe4 Nxe4
8.Qd4 Nxg5 9.hxg5 Qxd4 10.Nxd4 d6 11.f4 e6 12.e3 e5 13.Nf3 Bf5 14.O-O-O Rc8
15.Rd2 Be7 16.Nh4 Be4 17.Bd3 Bxd3 18.Rxd3 g6 19.g4 Rc4 20.Ng2 O-O 21.b3 Re4
22.Kd2 Re8 23.Ke2 exf4 24.Kf3 Bxg5 25.exf4 Bf6 26.Rxd6 Bg7 27.Rhd1 Bf8 28.Rd8 Kg7
29.c4 Bc5 30.Rxe8 Rxe8 31.Rd5 b6 32.g5 Re7 33.f5 gxf5 34.Rxf5 Rd7 35.Nf4 Rd2
36.Kg4 Rxa2 37.Nh5+ Kf8 38.Nf6 Rg2+ 39.Kh3 Rb2 40.Re5 Rxb3+ 41.Kg4 Re3 42.Rd5 a6
43.Rf5 Be7 44.Nd7+ Kg7 45.Nxb6 Re6 46.Nd7 Re4+ 47.Kh5 Rxc4 48.Nf6 Rc1 49.Ne8+ Kf8
50.Nf6 Ra1 51.Kg4 Ra4+  0-1

[Event "TCh-BEL 2010-11"]
[Site "Charleroi BEL"]
[Date "2011.02.06"]
[Round "8.3"]
[White "Laurent,B"]
[Black "Hautot,S"]
[Result "1/2-1/2"]
[WhiteElo "2336"]
[BlackElo "2409"]

1.d4 Nf6 2.Bg5 Ne4 3.Bf4 d5 4.e3 c6 5.Bd3 e6 6.Bxe4 dxe4 7.Nd2 f5 8.f3 exf3
9.Ngxf3 Be7 10.O-O O-O 11.c3 c5 12.Ne5 Nc6 13.Ndf3 Nxe5 14.Nxe5 Qd5 15.Qb3 b6
16.Qxd5 exd5 17.Nc6 Re8  1/2-1/2

[Event "ch-St Petersburg S/F 2011"]
[Site "St Petersburg RUS"]
[Date "2011.02.11"]
[Round "1.13"]
[White "Sichinava,Z"]
[Black "Sheynin,I"]
[Result "1-0"]
[WhiteElo "2340"]
[BlackElo "2120"]

1.d4 Nf6 2.Bg5 Ne4 3.Bh4 d5 4.f3 Nd6 5.Nc3 c6 6.e4 dxe4 7.fxe4 Qa5 8.Qd2 e6
9.Nf3 Nd7 10.Bd3 e5 11.O-O f6 12.dxe5 Nxe5 13.Nxe5 Qxe5 14.Bg3 Qc5+ 15.Kh1 Be6
16.e5 fxe5 17.Qg5 Nf7 18.Rxf7 Bxf7 19.Re1 Be7 20.Rxe5 O-O 21.Qxe7 Qb6 22.Qh4 Bg6
23.Qc4+ Bf7 24.Na4 Qd8 25.Qg4 Bg6 26.Bc4+ Kh8 27.Nc5 Qf6 28.h4 Bf5 29.Qe2 b6
30.Ne4 Qg6 31.Kh2 Rae8 32.Nd6 Rxe5 33.Qxe5 h6 34.Qe7  1-0

[Event "TCh-CAT Div Hon"]
[Site "Barcelona ESP"]
[Date "2011.02.12"]
[Round "3"]
[White "Travesset Ribera,J"]
[Black "Vidarte Morales,A"]
[Result "1/2-1/2"]
[WhiteElo "2232"]
[BlackElo "2405"]

1.d4 Nf6 2.Bg5 Ne4 3.Bf4 c5 4.f3 Nf6 5.dxc5 Na6 6.Qd4 Qa5+ 7.Nc3 Nxc5 8.Bd2 Ne6
9.Qd3 d5 10.e4 dxe4 11.Nxe4 Qc7 12.Nxf6+ exf6 13.Qc3 Qxc3 14.Bxc3 Bc5 15.O-O-O Bd7
16.Ne2 O-O-O 17.Ng3 Bc6 18.Rxd8+ Rxd8 19.Bd2 g6 20.Bc4 f5 21.Re1 Bd5 22.Bxd5 Rxd5
23.Ne2 Bd6 24.h3 h5 25.Be3 Ra5 26.a3 f4 27.Bf2 Rg5 28.Rg1 Bc5 29.Bxc5 Rxc5
30.c3 Re5 31.Kd2 Kd7 32.Nd4 Nxd4 33.cxd4 Re3 34.h4 f6 35.Re1 Rb3 36.Kc2 Rb5
37.Kc3 g5 38.Rh1 Ke6 39.b4 gxh4 40.Rxh4 Rg5 41.Rxf4 Rxg2 42.a4 a6 43.b5 axb5
44.axb5 Rg5 45.Kc4 Rf5 46.Rh4 Kd6 47.f4 Kc7 48.Rh1 Kb6 49.Rh4 Rxb5 50.d5 Ra5
51.Kd4 Ra4+ 52.Ke3 Kc5 53.Rxh5 Ra6 54.Ke4 Ra4+ 55.Ke3 Rb4 56.Rh6 f5 57.d6 Re4+
58.Kf3 Rd4 59.Rf6 Rd3+ 60.Ke2 Rxd6 61.Rxf5+ Kc4 62.Rf8 b5 63.Rb8 b4 64.Ke3 b3
65.Ke4 Kc3 66.f5 b2 67.Ke5 Rd1 68.f6 Re1+ 69.Kd6 Rf1 70.Ke7 b1=Q 71.Rxb1 Rxb1
72.f7  1/2-1/2

[Event "ch-SRB"]
[Site "Kragujevac SRB"]
[Date "2011.02.13"]
[Round "13"]
[White "Miladinovic,I"]
[Black "Perunovic,Mil"]
[Result "1-0"]
[WhiteElo "2556"]
[BlackElo "2565"]

1.d4 Nf6 2.Bg5 Ne4 3.Bf4 c5 4.f3 Nf6 5.d5 Nh5 6.Bg5 h6 7.Bh4 g5 8.Bf2 Bg7
9.c3 d6 10.e4 Nd7 11.Nd2 Ne5 12.g3 Bd7 13.a4 Nf6 14.h4 gxh4 15.Rxh4 Qc7 16.Nc4 Nxc4
17.Bxc4 e6 18.Ne2 exd5 19.exd5 h5 20.Qd3 O-O-O 21.b4 Rde8 22.bxc5 dxc5 23.d6 Qa5
24.Kf1 Re5 25.Ra2 Bf5 26.Qd1 Rd8 27.Rb2 Qc7 28.Rd2 Qc6 29.Nf4 Bh6 30.Bb5 Qb6
31.c4 Bf8 32.Nxh5 Nxh5 33.d7+ Kc7 34.g4 Ng7 35.Bg3 f6 36.Rd5 Qe6 37.Rh6 Bd6
38.Bxe5 Bxe5 39.Rxc5+ Kb6 40.Rc8 Rxc8 41.c5+ Kc7 42.gxf5 Nxf5 43.dxc8=Q+ Qxc8
44.Rh7+ Kb8 45.Qd7 Qxd7 46.Rxd7 Kc8 47.Rh7 Nd4 48.Kg2 Kb8 49.Bc4 Nf5 50.Be6 Ne3+
51.Kf2  1-0

[Event "ch-St Petersburg Women"]
[Site "St Petersburg RUS"]
[Date "2011.02.16"]
[Round "6"]
[White "Stjazhkina,O"]
[Black "Ivkina,O"]
[Result "0-1"]
[WhiteElo "2240"]
[BlackElo "2281"]

1.d4 Nf6 2.Bg5 Ne4 3.Bf4 c5 4.f3 Nf6 5.dxc5 Qa5+ 6.Nc3 Qxc5 7.e4 g5 8.Bg3 Bg7
9.Qd2 O-O 10.O-O-O d6 11.Bf2 Qa5 12.Kb1 Nc6 13.Bc4 Be6 14.Bxe6 fxe6 15.Nge2 Rac8
16.h4 Ne5 17.Bd4 Nc4 18.Qxg5 e5 19.Bf2 Qb4 20.b3 Na3+ 21.Kb2 Nxe4 22.fxe4 Rxf2
23.Qxe7 Rxc3 24.Qe6+ Kh8 25.Rc1 Re3 26.Rhe1 Nc4+ 27.Kb1 Nd2+ 28.Kb2 Nxe4
29.a3 Qc5 30.g4 d5 31.Qe8+ Qf8 32.Qb5 Nc5 33.g5 a6  0-1

[Event "CXG Quadrangular"]
[Site "Rio de Janeiro BRA"]
[Date "2011.02.18"]
[Round "1.1"]
[White "Galego,L"]
[Black "Lima,Da"]
[Result "1-0"]
[WhiteElo "2500"]
[BlackElo "2496"]

1.d4 Nf6 2.Bg5 Ne4 3.h4 Nxg5 4.hxg5 g6 5.Nc3 Bg7 6.Qd2 c5 7.d5 d6 8.e4 a6
9.Nf3 b5 10.e5 dxe5 11.a4 b4 12.Ne4 Bf5 13.Rh4 Bxe4 14.Rxe4 Qd6 15.O-O-O Nd7
16.Qe1 O-O 17.Kb1 f5 18.gxf6 exf6 19.Nd2 f5 20.Nc4 Qf6 21.Re3 e4 22.d6 Kh8
23.Rb3 Rfe8 24.g3 Rad8 25.Re3 Qe6 26.Be2 h5  1-0

[Event "TCh-CAT Div Hon"]
[Site "Barcelona ESP"]
[Date "2011.02.19"]
[Round "4"]
[White "Moskalenko,V1"]
[Black "Alsina Leal,D"]
[Result "1-0"]
[WhiteElo "2564"]
[BlackElo "2531"]

1.d4 Nf6 2.Bg5 Ne4 3.Bf4 c5 4.f3 Qa5+ 5.c3 Nf6 6.d5 Qb6 7.Bc1 e6 8.e4 exd5
9.exd5 Bd6 10.c4 O-O 11.Bd3 Re8+ 12.Ne2 Qc7 13.Nc3 a6 14.Qc2 Be5 15.Bg5 h6
16.Bxf6 Bxf6 17.Ne4 Be7 18.O-O d6 19.N2g3 Nd7 20.Rae1 b5 21.b3 bxc4 22.bxc4 Ne5
23.Be2 f5 24.f4 Nf7 25.Nc3 g6 26.Bd3 Bd7 27.Re6 Nh8 28.Bxf5 gxf5 29.Nxf5 Bf8
30.Nxh6+ Bxh6 31.Rxh6 Re7 32.Ne4 Kg7 33.Rh5 Nf7 34.Qc3+ Kg8 35.Nf6+ Kf8 36.Qg3 Re2
37.Rh7 Ke7 38.Qh4 Rf8 39.Nh5+  1-0

[Event "TCh-CAT Div Hon"]
[Site "Barcelona ESP"]
[Date "2011.02.19"]
[Round "4"]
[White "Aloma Vidal,R"]
[Black "Fluvia Poyatos,Jor"]
[Result "1-0"]
[WhiteElo "2434"]
[BlackElo "2469"]

1.d4 Nf6 2.Bg5 Ne4 3.Bf4 e6 4.e3 c5 5.Bd3 Nf6 6.Nf3 b6 7.O-O Bb7 8.Nbd2 Be7
9.h3 O-O 10.c3 d5 11.Qe2 Nbd7 12.Rad1 Ne4 13.Ne5 Nxe5 14.Bxe5 Bd6 15.Bxe4 dxe4
16.Nc4 Bxe5 17.dxe5 Qg5 18.Qg4 Qxg4 19.hxg4 Ba6 20.b3 Rfd8 21.Rfe1 Rd5 22.Rxd5 exd5
23.Nd6 Bd3 24.f4 a5 25.Kh2 a4 26.Kg3 a3 27.f5 h6 28.e6 fxe6 29.fxe6 Kf8 30.Kf4 Ra5
31.b4 Ra8 32.Ke5 Ke7 33.Nf5+ Kf8 34.bxc5 bxc5 35.g5 g6 36.Nd6 Ke7 37.gxh6 Rh8
38.Nf7 Rh7 39.Kxd5 Ba6 40.Rh1 Bc8 41.Ng5 Rh8 42.Ke5 Rf8 43.g4  1-0

[Event "ch-Subotica Open 2011"]
[Site "Subotica SRB"]
[Date "2011.02.25"]
[Round "3"]
[White "Milurovic,U"]
[Black "Cabarkapa,N"]
[Result "0-1"]
[WhiteElo "2014"]
[BlackElo "2157"]

1.d4 Nf6 2.Bg5 Ne4 3.Bf4 c5 4.dxc5 Nc6 5.Nd2 Nxc5 6.e4 g6 7.c3 Bg7 8.Ngf3 d5
9.exd5 Qxd5 10.Nb3 Qxd1+ 11.Rxd1 Nxb3 12.axb3 a5 13.Bb5 O-O 14.O-O Bg4 15.Be2 e5
16.Be3 e4 17.Nd4 Bxd4 18.Bxg4 Bxe3 19.fxe3 Rfd8 20.Be2 Rxd1 21.Rxd1 Rd8 22.Rxd8+ Nxd8
23.Bc4 Kg7 24.Bd5 f5 25.Kf2 Kf6 26.Ke2 Ke5 27.Bc4 g5 28.g3 Ne6 29.b4 axb4
30.cxb4 f4 31.gxf4+ gxf4 32.exf4+ Nxf4+ 33.Ke3 Nd5+ 34.Ke2 Nxb4 35.Bg8 h6
36.Ke3 Nc2+ 37.Kd2 Nd4 38.Ke3 Nf5+ 39.Ke2 Kf4 40.Bc4 Nd4+ 41.Kf2 b5 42.Bf1 b4
43.Bc4 e3+ 44.Kg2 Nf3 45.Be2 Nd2 46.Bd3 Ke5 47.Kg3 Kd4 48.Bh7 Ne4+  0-1

[Event "27th Open"]
[Site "Cappelle la Grande FRA"]
[Date "2011.02.27"]
[Round "2.80"]
[White "Bargan,Se"]
[Black "Przezdziecka,E"]
[Result "0-1"]
[WhiteElo "2359"]
[BlackElo "2127"]

1.d4 Nf6 2.Bg5 Ne4 3.Bf4 d5 4.f3 Nf6 5.c4 e6 6.Nc3 c5 7.e3 cxd4 8.exd4 a6
9.c5 Be7 10.Nh3 Nc6 11.Na4 Nd7 12.Rc1 Bf6 13.Be3 b5 14.cxb6 Bb7 15.Nf2 O-O
16.Nd3 Nxb6 17.Ndc5 Bc8 18.f4 Ne7 19.Be2 Nf5 20.Bf2 Rb8 21.g4 Nd6 22.Nxb6 Qxb6
23.b3 Ne4 24.g5 Qb4+ 25.Kf1 Nxf2 26.Kxf2 Bxd4+ 27.Kg3 Bxc5 28.Bd3 Qd4 29.Rf1 g6
30.h4 e5 31.Qc2 exf4+ 32.Kg2 f3+ 33.Rxf3 Bd6 34.Rh1 Bg4 35.Rf2 Rbc8 36.Qd2 Rc3  0-1